Brainrots Needed for Rebirths - Statistics

General Stats
  • This quiz has been taken 20 times
    8 since last reset
  • The average score is 15 of 24
Answer Stats
Rebirth Answer % Correct
Number 2 Brr Brr Patapim
100%
Number 3 Chimpanzini Bananini
100%
Number 1 Gangster Footera
83%
Number 4 Glorbo Fruttodrillo
83%
Number 5 Orangutini Ananassini
83%
Number 1 Trippi Troppi
83%
Number 3 Trulimero Trulicina
83%
Number 2 Boneca Ambalabu
67%
Number 5 Frigo Camelo
67%
Number 6 Bombardiro Crocodilo
50%
Number 7 Bombombini Gusini
50%
Number 4 Chef Crabracadabra
50%
Number 17 Chicleteira Bicicleteira
50%
Number 9 Cocofanto Elefanto
50%
Number 10 Girafa Celestre
50%
Number 18 Graipuss Medussi
50%
Number 17 Job Job Job Sahur
50%
Number 16 Los Tralaleritos
50%
Number 12 Odin Din Din Dun
50%
Number 15 Pakrahmatmamat
50%
Number 8 Te Te Te Sahur
50%
Number 11 Tralalero Tralala
50%
Number 13 Trenostruzzo Turbo 3000
50%
Number 14 Trippi Troppi Troppa Trippa
50%
No matching quizzes found
Score Distribution
Percent of People with Each Score
Percentile by Number Answered
Your Score History
You have not taken this quiz since the last reset